The early Dilmun settlement at Saar /

محفوظ في:

المؤلف الرئيسي: Killick, R. G. (مؤلف)

مؤلفون آخرون: Moon, Jane.

التنسيق: كتاب

اللغة: English

منشور في: Ludlow : Archaeology International, 2005.

سلاسل: Saar Excavation report ; 3.

الموضوعات:

الوسوم: إضافة وسم

لا توجد وسوم, كن أول من يضع وسما على هذه التسجيلة!

رقم الطلب: ( F )DS247 .B23 E27

LEADER 01361namaa2200325 4500
003 OSt
005 20200726063954.0
008 130303s2005 enkabe g 000 0 eng d
952 |0 0  |1 0  |2 lcc  |4 0  |7 1  |9 4194  |a ARCE  |b ARCE  |d 2020-07-26  |l 0  |o ( F )DS247 .B23 E27  |p 1031659  |r 2020-07-26 00:00:00  |w 2020-07-26  |y BK 
999 |c 7436  |d 7436 
020 |a 0953956113 
040 |c ARCE Library 
043 |a a-ba--- 
050 0 4 |a ( F )DS247 .B23 E27 
100 1 |a Killick, R. G.,  |e author  |9 33954 
245 1 4 |a The early Dilmun settlement at Saar /   |c ed. by Robert Killick and Jane Moon. 
264 1 |a Ludlow :  |b Archaeology International,  |c 2005. 
300 |a xii, 367 pages :  |b illustrations (some col), maps, plans ;  |c 32 cm. 
336 |a text  |b txt  |2 rdacontent 
337 |a unmediated  |b n  |2 rdamedia 
338 |a volume  |b nc  |2 rdacarrier 
490 1 |a Saar Excavation report ;  |v 3. 
500 |a  "The Kingdom of Bahrain, Ministry of Information, Culture & National Heritage, Directorate of Archaeology and Heritage." "London-Bahrain Archaeological Expedition, Institute of Archaeology, University College London. 
504 |a Bibliography : pages 353-360. 
650 0 |a Excavations (Archaeology)  |z Bahrain  |z Sar Site. 
650 0 |a Human settlements  |z Bahrain  |z Sar Site. 
700 1 |a Moon, Jane. 
830 0 |a Saar Excavation report ;  |v 3. 
901 |a reviewed 
942 |c BK  |2 lcc